Traitement des données numériques /

Le système de base; Le système de base (suite); Perfectionnement du système de base; Perfectionnement du système de base (suite)....

Na minha lista:
Detalhes bibliográficos
Autor principal: Pérochon, C.
Formato: Livro
Idioma:French
Publicado em: Paris : Foucher, 1982.
Assuntos:
Tags: Adicionar Tag
Sem tags, seja o primeiro a adicionar uma tag!
Thư viện lưu trữ: Mạng thư viện Đại học Đà Nẵng
LEADER 00872cam a2200313 i 4500
001 000044285
003 2650
005 20030320141134.0
008 010307|1982 vm 000 fre
040 |a IRC  |c IRC  |d IRC 
041 0 |a fre 
082 1 4 |a 640  |b PE-C 
100 1 |a Pérochon, C. 
245 0 0 |a Traitement des données numériques /  |c C. Pérochon. 
260 |a Paris :  |b Foucher,  |c 1982. 
300 |a 195p. ;  |c 21cm. 
520 3 |a Le système de base; Le système de base (suite); Perfectionnement du système de base; Perfectionnement du système de base (suite).... 
630 0 4 |a Numériques. 
650 0 4 |a Numériques. 
OWN |a DUT 
999 |a From the UDN01 
TYP |a Monograph 
TYP |a Printed language 
980 |a Mạng thư viện Đại học Đà Nẵng